| 000 | 00821 a2200241 4500 | ||
|---|---|---|---|
| 999 |
_c11341 _d11341 |
||
| 020 | _a9780323755146 | ||
| 050 |
_aRD732 _bWIL 2023 |
||
| 100 |
_aWilliams, Christopher J. _eauthor |
||
| 245 |
_aAtlas of interventional orthopedics procedures: _bessential guide for fluoroscopy and ultrasound guided procedures/ _cChristopher J. Williams |
||
| 264 |
_aLondon: _bElsevier; _c2023 |
||
| 300 |
_axx, 634pages: _bcolour illustrations; |
||
| 336 |
_2rdacontent _atext _btxt |
||
| 337 |
_2rdamedia _aunmediated _bn |
||
| 338 |
_2rdacarrier _avolume _bnc |
||
| 504 | _aInclude references and index | ||
| 505 | _a. | ||
| 520 | _a. | ||
| 650 | _aOrthopedic surgery -- Evaluation | ||
| 650 | _aOrthopedics -- standards | ||
| 700 |
_aSussman, Walter l. _eauthor |
||
| 700 |
_aPitts, John _eauthor |
||
| 942 |
_2lcc _cBK _h732 _iWIL _kRD |
||